Statistics for 10 maths questions

Click here to take the quiz!

General Stats

  • This quiz has been taken 63 times
    (50 since last reset)
  • The average score is 10 of 10

Answer Stats

QuestionAnswer% Correct
0x200
100%
2+1214
100%
30x130
100%
9-54
100%
40+3070
100%
4+59
100%
50x2100
98%
64+90154
98%
71+52123
93%
100 divided by 3 rounded to 2 decimal places33.33
84%

Score Distribution

Percentile by Number Answered

Percent of People with Each Score

Your Score History

You have not taken this quiz since the last reset